Normal view
MARC view
- TELECOMMUNICATION ENGINEERING.IP TELEPHONY.VPNS.NGN ARCHITECTURE
Entry Topical Term
001 - CONTROL NUMBER
- control field: 63012
003 - CONTROL NUMBER IDENTIFIER
- control field: NUST
005 - DATE AND TIME OF LATEST TRANSACTION
- control field: 20210628203039.0
008 - FIXED-LENGTH DATA ELEMENTS
- fixed length control field: 210628|| aca||aabn | a|a d
040 ## - CATALOGING SOURCE
- Original cataloging agency: NUST
- Transcribing agency: NUST
150 ## - HEADING--TOPICAL TERM
- Topical term or geographic name entry element: TELECOMMUNICATION ENGINEERING.IP TELEPHONY.VPNS.NGN ARCHITECTURE
670 ## - SOURCE DATA FOUND
- Source citation: Work cat.: (NUST): Goleniewski, Lillian, Jarrett, Kiyyy Wilson 63011, Telecommunications essentials, 2001
